Poetas y escritores peruanos / (Record no. 8294)

000 -CABECERA
fixed length control field 00990nam a22002057a 4500
003 - IDENTIFICADOR DEL NÚMERO DE CONTROL
control field AR-CdUCM
008 - DATOS DE LONGITUD FIJA--INFORMACIÓN GENERAL
fixed length control field 190322b ||||| |||| 00| 0 spa d
040 ## - FUENTE DE LA CATALOGACIÓN
Agencia/entidad que catalogó originalmente la obra MUNICIPALIDAD PROVINCIAL DEL CUSCO
Entidad que transcribió la catalogación BIBLIOTECA MUNICIPAL DEL CUSCO
082 ## - NÚMERO DE LA CLASIFICACIÓN DECIMAL DEWEY
No. de Clasificación 869.5099 /
Notacion interna N56
100 ## - ENTRADA PRINCIPAL--NOMBRE DE PERSONA
Nombre Personal Nieto, Luis
245 ## - MENCIÓN DE TÍTULO
Título Poetas y escritores peruanos /
260 ## - PUBLICACIÓN, DISTRIBUCIÓN, ETC.
Lugar de publicación, distribución, etc. Cuzco :
Nombre de la editorial, distribuidor, etc. Ediciones sol y piedra,
-- "Garcilaso",
Fecha de publicación, distribución, etc. 1957.
300 ## - DESCRIPCIÓN FÍSICA
Nº de Páginas Extensión 72 páginas ;
Otros detalles físicos ilustraciones ;
Dimensiones 25 cm.
505 ## - NOTA DE CONTENIDO CON FORMATO
Nota de contenido formateada Contenido: Abelardo M. Gamarra, "El Tunante" -- Juan Parra del Riego, el poeta de los polirritmos -- Ubicación de José Santos Chocano -- Clorinda Matto de Turner, la gran rebelde -- José Diez Canseco, criollista y planfletario -- Mariano Melgar, poeta y prócer -- Recuerdo de José Gálvez -- Ricardo Palma, nuestro tradicionista -- Me moriré en París.
650 ## - PUNTO DE ACCESO ADICIONAL DE MATERIA--TÉRMINO DE MATERIA
Descriptor Autores peruanos
9 (RLIN) 731
650 ## - PUNTO DE ACCESO ADICIONAL DE MATERIA--TÉRMINO DE MATERIA
Descriptor Biobibliografía
9 (RLIN) 7105
942 ## - ELEMENTOS DE PUNTO DE ACCESO ADICIONAL (KOHA)
Fuente de clasificación
Tipo de item Libros-BMC
945 ## - PROCESAMIENTO DE INFORMACIÓN LOCAL (OCLC)
Catalogador zta
Holdings
Estado de retiro (separado) Fuente de clasificación o esquema de estanterías Estado dañado Ubicación Sala donde se ubica Nombre de la colección Fecha de adquisición o compra Costo, precio normal en soles Signatura topográfica Código de Barras Última vez visto (Koha) Tipo de ítem (Koha)
No     Sala Humanidades Sala Humanidades Book Cart 2019-03-22 20.00 869.5099 / N56 SH0000008943 2019-03-22 Libros-BMC
No     Sala Humanidades Sala Humanidades Book Cart 2019-03-22 20.00 869.5099 / N56 / e.2 SH0000008949 2019-03-22 Libros-BMC

Powered by Koha